The Mathematica graphics guidebook / (Record no. 121695)
[ view plain ]
| 000 -LEADER | |
|---|---|
| fixed length control field | 01187cam a2200289 a 4500 |
| 001 - CONTROL NUMBER | |
| control field | 1087930 |
| 003 - CONTROL NUMBER IDENTIFIER | |
| control field | ARRUPE |
| 005 - DATE AND TIME OF LATEST TRANSACTION | |
| control field | 20150115130642.0 |
| 008 - FIXED-LENGTH DATA ELEMENTS--GENERAL INFORMATION | |
| fixed length control field | 920701s1995 maua b 001 0 eng |
| 010 ## - LIBRARY OF CONGRESS CONTROL NUMBER | |
| LC control number | 92023215 |
| 020 ## - INTERNATIONAL STANDARD BOOK NUMBER | |
| International Standard Book Number | 0201532808 |
| 040 ## - CATALOGING SOURCE | |
| Original cataloging agency | DLC |
| Transcribing agency | DLC |
| Modifying agency | DLC |
| 050 00 - LIBRARY OF CONGRESS CALL NUMBER | |
| Classification number | T385 |
| Item number | .S622 1995 |
| 082 00 - DEWEY DECIMAL CLASSIFICATION NUMBER | |
| Classification number | 510/.285/5369 |
| Edition number | 20 |
| 300 ## - PHYSICAL DESCRIPTION | |
| Other physical details | ill. (some col.) ; |
| Dimensions | 24 cm. + |
| 100 1# - MAIN ENTRY--PERSONAL NAME | |
| Personal name | Smith, Cameron, |
| Dates associated with a name | 1959- |
| 9 (RLIN) | 14026 |
| 245 14 - TITLE STATEMENT | |
| Title | The Mathematica graphics guidebook / |
| Statement of responsibility, etc | Cameron Smith and Nancy Blachman. |
| 260 ## - PUBLICATION, DISTRIBUTION, ETC. (IMPRINT) | |
| Place of publication, distribution, etc | Reading, Mass. : |
| Name of publisher, distributor, etc | Addison-Wesley, |
| Date of publication, distribution, etc | c1995. |
| 300 ## - PHYSICAL DESCRIPTION | |
| Extent | xxi, 339 p. : |
| Accompanying material | 1 computer disk (3 1/2 in.) |
| 504 ## - BIBLIOGRAPHY, ETC. NOTE | |
| Bibliography, etc | Includes bibliographical references (p. [327]-330) and index. |
| 538 ## - SYSTEM DETAILS NOTE | |
| System details note | System requirements for accompanying computer disk: Macintosh, DOS, MS Windows, UNIX versions of Mathematica; version 2.0 or later. |
| 630 00 - SUBJECT ADDED ENTRY--UNIFORM TITLE | |
| Uniform title | Mathematica (Computer file) |
| 9 (RLIN) | 14027 |
| 650 #0 - SUBJECT ADDED ENTRY--TOPICAL TERM | |
| Topical term or geographic name as entry element | Computer graphics. |
| 9 (RLIN) | 14028 |
| 700 1# - ADDED ENTRY--PERSONAL NAME | |
| Personal name | Blachman, Nancy. |
| 9 (RLIN) | 14029 |
| 906 ## - LOCAL DATA ELEMENT F, LDF (RLIN) | |
| a | 7 |
| b | cbc |
| c | orignew |
| d | 1 |
| e | ocip |
| f | 19 |
| g | y-gencatlg |
| 942 ## - ADDED ENTRY ELEMENTS (KOHA) | |
| Source of classification or shelving scheme | Library of Congress Classification |
| Koha item type | Monograph ( Printed materials) |
| Withdrawn status | Lost status | Source of classification or shelving scheme | Damaged status | Not for loan | Collection code | Home library | Current library | Shelving location | Date acquired | Total Checkouts | Full call number | Barcode | Date last seen | Price effective from | Koha item type |
|---|---|---|---|---|---|---|---|---|---|---|---|---|---|---|---|
| Library of Congress Classification | Main Collection | ARRUPE LIBRARY | ARRUPE LIBRARY | Main Collection | 15/01/2015 | T385 .S622 1995 | 46500003243 | 11/09/2019 | 15/01/2015 | Monograph ( Printed materials) |